000 00753cam a2200241 i 4500
008
020 _a044301793X (hbk.)
049 _aMAIN
090 _aRC358
_bREC
245 0 0 _aRecent advances in clinical neurology
_nno. 2 /
_cedited by W. B. Matthews.
260 _aEdinburgh ;
_aNew York :
_bC. Livingstone ;
_aNew York :
_bdistributed by Longman,
_c1975.
300 _aviii, 199 p. :
_bill. ;
_c24 cm.
500 _aIncludes index.
504 _aIncludes bibliographies.
650 0 _aNervous system
_xDiseases.
650 0 _aNeurology.
700 1 _aMatthews, W. B.
907 _a.b1035668x
_b01-04-15
_c01-04-15
003
005 20230120204152.0
040 _cNUST
942 _cBOOKS
_kRC358
_mREC
999 _c118365
_d118365